Land vs. Land #150 - Statistiken

Allgemein
  • Dieses Quiz wurde 14 mal gespielt
  • Das Durchschnittsergebnis liegt bei 12 aus 14
Antwortstatistiken
Frage Antwort % Korrekt
...Tourismus? Malta🇲🇹
100%
...Happy Planet Index? Malta🇲🇹
100%
...Frieden? Malta🇲🇹
100%
...Lebenserwartung? Malta🇲🇹
100%
...Fläche? Nordkorea🇰🇵
100%
...Einwohner? Nordkorea🇰🇵
100%
...Militär? Nordkorea🇰🇵
100%
...Bruttoinlandsprodukt pro Kopf? Malta🇲🇹
92%
...HDI (Human Development Index)? Malta🇲🇹
92%
...Gesundheitswesen? Malta🇲🇹
92%
...Gewinner? Malta🇲🇹
83%
...Exportmengen? Malta🇲🇹
50%
...Bruttoinlandsprodukt? Malta🇲🇹
42%
...durchschnittlicher IQ? Nordkorea🇰🇵
33%
Keine übereinstimmenden Quizze gefunden
Verteilung der Resultate
Anzahl Personen mit jedem Resultat
Perzentil nach korrekt beantworteten Fragen
Ihre Resultats-Entwicklung
Sie haben dieses Quiz noch nicht gespielt